Trend špeciál vysoké školy 2008

Ranking. Hodnotenie kvality. Najlepšie fakulty podľa hodnotenia ARRA. Aktuálne problémy vysokého školstva. Zahraničné skúsenosti. Financovanie vysokých škôl. Testy. Prezentácia vysokých škôl.

Salvato in:
Dettagli Bibliografici
Natura: Capitolo di libro
Lingua:slovacco
Soggetti:
Tags: Aggiungi Tag
Nessun Tag, puoi essere il primo ad aggiungerne!!

MARC

LEADER 00000naa$a2200000$$$4500
001 0088112
005 20231009085638.5
041 0 |a slo 
044 |a SK 
245 1 0 |a Trend špeciál  |b vysoké školy 2008 
520 |a Ranking. Hodnotenie kvality. Najlepšie fakulty podľa hodnotenia ARRA. Aktuálne problémy vysokého školstva. Zahraničné skúsenosti. Financovanie vysokých škôl. Testy. Prezentácia vysokých škôl. 
610 2 0 |a školy vysoké 
610 2 0 |a kvalita 
610 2 0 |a financovanie 
610 2 0 |a spolupráca vedecká medzinárodná